000 00634nas a2200229 4500
001 BR7305517
003 BR-BrBNA
005 20231205082535.0
007 ta
008 230509b bl.|||p| |||| 00| 00por d
040 _aBR-BrBNA
_bpor
_cBiblioteca Nacional de Agricultura
041 _a(Pt)
072 _aL30
100 1 _aHall, G.A.B.
245 1 _aNiveis de proteina na racao
650 _aNUTRICAO ANIMAL
650 _aRACAO
650 _aPROTEINA
773 0 _tRevista dos Criadores (Brazil)
_xISSN 0034-9259
_g(Oct 1976), v. 46(561) p. 21-22
_wBR7305517
909 _a202311
_bLúcia
_c55
_dLúcia Elande
942 _2AGRIS
_n0
_cANA
999 _c92637
_d92637